000 00373 a2200169 4500
001 161920
020 _a85-08-05751-2
040 _cMagnum
100 _aBandeira, Pedro
240 1 0 _aDescanse em paz, meu amor...
_lpor
245 1 0 _aDescanse em paz, meu amor...
300 _a78
362 0 _a1999
440 1 _aÁtica
697 _aLITERATURA JUVENIL
942 _cBK
999 _c161920
_d161920